Southville International School and Colleges
Your cart is empty.
  • Cart
  • Lists
    Public lists Eva Luna New books Lux_list list_1
    Your lists Log in to create your own lists
  • Log in to your account
  • Your cookies
  • Search history
Southville International School and Colleges
  • Advanced search
  • Recent comments
  • Most popular
  • Libraries

Log in to your account

Log in with GOOGLE


If you do not have an external account, but do have a local account, you can still log in:

  1. Home
  2. MARC view: Connecting inner power with global change :
Normal view MARC view ISBD view

Connecting inner power with global change : (Record no. 24836)

[ view plain ]
MARC details
000 -LEADER
fixed length control field 00554nam a2200181 a 4500
005 - DATE AND TIME OF LATEST TRANSACTION
control field 20140310183543.0
008 - FIXED-LENGTH DATA ELEMENTS--GENERAL INFORMATION
fixed length control field 110926s19uu xx 00 eng d
020 ## - INTERNATIONAL STANDARD BOOK NUMBER
International Standard Book Number 9788132102212
050 ## - LIBRARY OF CONGRESS CALL NUMBER
Classification number HM 789
Item number .M32 2009
100 ## - MAIN ENTRY--PERSONAL NAME
Personal name Malik, Pravir
245 ## - TITLE STATEMENT
Title Connecting inner power with global change :
Remainder of title the fractal ladder /
Statement of responsibility, etc Pravir Malik.
260 ## - PUBLICATION, DISTRIBUTION, ETC. (IMPRINT)
Place of publication, distribution, etc New Delhi, India :
Name of publisher, distributor, etc Response Books,
Date of publication, distribution, etc 2009.
300 ## - PHYSICAL DESCRIPTION
Extent 216 p. :
Dimensions 23 cm.
650 ## - SUBJECT ADDED ENTRY--TOPICAL TERM
Topical term or geographic name as entry element Organizational sociology.
650 ## - SUBJECT ADDED ENTRY--TOPICAL TERM
Topical term or geographic name as entry element Organizational change.
942 ## - ADDED ENTRY ELEMENTS (KOHA)
Koha item type Books
Source of classification or shelving scheme Library of Congress Classification
Call number prefix Foreign
Holdings
Withdrawn status Lost status Source of classification or shelving scheme Damaged status Home library Current library Shelving location Date acquired Total Checkouts Full call number Barcode Date last seen Copy number Price effective from Koha item type
    Library of Congress Classification   College Library College Library General Circulation Section 09/26/2011   HM 789 .M32 2009 C13537 05/15/2018 1 10/18/2013 Books

Connecting inner power with global change :

APA

Malik P., . (2009). Connecting inner power with global change. New Delhi, India: Response Books.

Chicago

Malik Pravir, . 2009. Connecting inner power with global change. New Delhi, India: Response Books.

Harvard

Malik P., . (2009). Connecting inner power with global change. New Delhi, India: Response Books.

MLA

Malik Pravir, . Connecting inner power with global change. New Delhi, India: Response Books. 2009.

  • Place hold
  • Print
  • Cite
  • Add to your cart (remove)
  • Save record
    BIBTEX Dublin Core MARCXML MARC (non-Unicode/MARC-8) MARC (Unicode/UTF-8) MARC (Unicode/UTF-8, Standard) MODS (XML) RIS
  • More searches
    Search for this title in:
    Other Libraries (WorldCat) Other Databases (Google Scholar) Online Stores (Bookfinder.com) Open Library (openlibrary.org)

Exporting to Dublin Core...

SOUTHVILLE LIBRARY

Southville International School and Colleges Library

1281 Tropical Ave. Cor. Luxembourg St., BF Homes International, Las Pinas City

Tel. No. 8256374 / 252358 Loc. 117/146

Powered by Koha